Business Statistics (Record no. 84981)

MARC details
000 -LEADER
fixed length control field 00471nam a2200193Ia 4500
005 - DATE AND TIME OF LATEST TRANSACTION
control field 20230417140350.0
008 - FIXED-LENGTH DATA ELEMENTS--GENERAL INFORMATION
fixed length control field 230125s9999 xx 000 0 und d
020 ## - INTERNATIONAL STANDARD BOOK NUMBER
International Standard Book Number 978-81-317-3403-2
041 ## - LANGUAGE CODE
Language code of text/sound track or separate title eng
082 ## - DEWEY DECIMAL CLASSIFICATION NUMBER
Classification number 658.403
Item number SHA
100 ## - MAIN ENTRY--PERSONAL NAME
Author Sharma J K
245 ## - TITLE STATEMENT
Title Business Statistics
260 ## - PUBLICATION, DISTRIBUTION, ETC.
Date of publication, distribution, etc. 2011
Name of publisher, distributor, etc. Pearson Education
Place of publication, distribution, etc. New Delhi
300 ## - PHYSICAL DESCRIPTION
Extent 585p
500 ## - GENERAL NOTE
Keywords Statistics
650 ## - SUBJECT ADDED ENTRY--TOPICAL TERM
Topical term or geographic name entry element Statistics
700 ## - ADDED ENTRY--PERSONAL NAME
Personal name Sharma J K
942 ## - ADDED ENTRY ELEMENTS (KOHA)
Koha item type Books
Holdings
Withdrawn status Lost status Damaged status Not for loan Home library Current library Date acquired Vendor Net Price Total Checkouts Full call number Barcode Date last seen Actual Price Bill Date Koha item type Original Barcode Bill number
        Smt. Hiraben Nanavati Institute of Management & Research for Women Smt. Hiraben Nanavati Institute of Management & Research for Women 04/12/2015 HNIMR Staff 1.00   658.403 SHA DB2324 HIMR-DB-2324 25/01/2023 1.00 25/01/2023 Donated Book DB2324  
        Smt. Hiraben Nanavati Institute of Management & Research for Women Smt. Hiraben Nanavati Institute of Management & Research for Women 03/12/2010 Forward Books 340.00   658.403 SHA B09286 HIMR-BK-9286 25/01/2023 265.00 22/11/2010 Books B09286 7211
        Smt. Hiraben Nanavati Institute of Management & Research for Women Smt. Hiraben Nanavati Institute of Management & Research for Women 03/12/2010 Forward Books 340.00   658.403 SHA B09285 HIMR-BK-9285 25/01/2023 265.00 22/11/2010 Books B09285 7211
        Smt. Hiraben Nanavati Institute of Management & Research for Women Smt. Hiraben Nanavati Institute of Management & Research for Women 10/01/2009 Bookland 399.00   658.403 SHA B06995 HIMR-BK-6995 25/01/2023 319.00 22/12/2008 Books B06995 7211
        Smt. Hiraben Nanavati Institute of Management & Research for Women Smt. Hiraben Nanavati Institute of Management & Research for Women 21/07/2011 Pritam Book Centre 475.00   658.403 SHA B10552 HIMR-BK-10552 25/01/2023 356.00 19/07/2011 Books B10552 7558